[Event "Interprovincials"]
[Site "IRL"]
[Date "1992.??.??"]
[Round "?"]
[White "Short, Philip M"]
[Black "Clarke, Thomas"]
[Result "0-1"]
[WhiteElo "2310"]
[BlackElo "2225"]

1.d4 d5 2.c4 Nc6 3.Nc3 dxc4 4.e3 e5 5.d5 Na5 6.Nf3 Bd6 7.Qa4+ c6 8.dxc6 Nxc6
9.Bxc4 Nf6 10.e4 O-O 11.Bg5 a6 12.Bd5 Qb6 13.Bxf6 gxf6 14.O-O Bg4 15.Bxc6 bxc6
16.Qc2 Rab8 17.b3 Rfd8 18.Rad1 Bb4 19.Na4 Qb5 20.Rxd8+ Rxd8 21.Rd1 Rxd1+
22.Qxd1 c5 23.h3 Be6 24.g4 c4 25.Qd8+ Kg7 26.g5 fxg5 27.Qxg5+ Kf8 28.Nxe5 cxb3
29.axb3 Be7 30.Qh6+ Ke8 31.Ng4 Qxb3 32.Nc5 Bxc5 33.Nf6+ Kd8 34.Qg5 Be7 35.Qa5+ Kc8
36.Qxa6+ Qb7 37.Qxb7+ Kxb7 38.Nxh7 Bxh3 39.Kh2 Bg4 40.f4 Bf3 41.e5 Be4 42.Ng5 Bxg5
43.fxg5  0-1

[Event "Katowice op"]
[Site "Katowice"]
[Date "1992.??.??"]
[Round "2"]
[White "Lazarev, Vladimir"]
[Black "Drabiniok, Kazimierz"]
[Result "1-0"]
[WhiteElo "2445"]
[BlackElo "2310"]

1.d4 d5 2.c4 Nc6 3.Nc3 Nf6 4.cxd5 Nxd5 5.e4 Nb6 6.Be3 e5 7.d5 Nb8 8.Nf3 Bg4
9.Be2 N8d7 10.O-O Bd6 11.a4 O-O 12.a5 Nc8 13.a6 b6 14.Nb5 Nc5 15.Nd2 Bxe2
16.Qxe2 f5 17.exf5 Rxf5 18.Qg4 g6 19.Qc4 Ne7 20.b4 Nd7 21.Ne4 Nf6 22.Ng3 Qd7
23.Nxf5 gxf5 24.Bg5 Ne4 25.Bxe7 Qxe7 26.Qc6 Qf8 27.Rac1 Nd2 28.Rfd1 Nb3 29.Rc3 Nd4
30.Nxd4 exd4 31.Rxd4 Re8 32.Rd1 Re7 33.b5 Qf7 34.Rcc1 Qh5 35.g3 f4 36.Re1 fxg3
37.hxg3 Re2 38.Rxe2 Qxe2 39.Qc4 Qd2 40.Qg4+ Kf7 41.Qf5+ Kg7  1-0

[Event "Liechtenstein op"]
[Site "Liechtenstein"]
[Date "1992.??.??"]
[Round "?"]
[White "Grooten, Herman"]
[Black "Grabher, Heinz"]
[Result "1-0"]
[WhiteElo "2430"]
[BlackElo "2245"]

1.d4 d5 2.c4 Nc6 3.cxd5 Qxd5 4.e3 e5 5.Nc3 Bb4 6.a3 Bxc3+ 7.bxc3 exd4 8.cxd4 Nf6
9.Ne2 O-O 10.Nf4 Qd6 11.Bd3 Bg4 12.Qc2 Rfe8 13.O-O Rad8 14.h3 Be6 15.Bb2 Bd5
16.Nxd5 Qxd5 17.Rad1 Rd6 18.Rfe1 Ne4 19.f3 Ng5 20.Qf2 Rh6 21.h4 Ne6 22.Be4 Qd6
23.d5 Rxh4  1-0

[Event "Lippstadt"]
[Site "Lippstadt"]
[Date "1992.??.??"]
[Round "?"]
[White "Wehmeier, Stefan"]
[Black "Panzer, Peter"]
[Result "1-0"]
[WhiteElo "2340"]
[BlackElo "2340"]

1.d4 d5 2.c4 Nc6 3.Nc3 dxc4 4.d5 Ne5 5.e4 e6 6.Nf3 Nxf3+ 7.Qxf3 exd5 8.exd5 Bd6
9.Bxc4 Qe7+ 10.Be3 Nf6 11.h3 O-O 12.O-O-O Nd7 13.Bb3 Ne5 14.Qe2 Bd7 15.Bc2 f5
16.g3 a6 17.Rhe1 Rae8 18.f4 Ng6 19.Qf2 b5 20.Bd4 Qf7 21.Ne2 Ne7 22.Be5 Kh8
23.Qd4 Ng6 24.Ng1 c5 25.dxc6 Bxe5 26.Qxd7 Qxa2 27.fxe5 Qa1+ 28.Bb1 Nxe5 29.Qd4 Nc4
30.Rxe8 Rxe8 31.c7 h6 32.Nf3 Na3 33.Nd2 Kh7 34.Qd7  1-0

[Event "NZD-ch"]
[Site "?"]
[Date "1992.??.??"]
[Round "1"]
[White "Sarfati, Jonathan D"]
[Black "Spain, Graeme"]
[Result "1/2-1/2"]
[WhiteElo "2325"]
[BlackElo "2240"]

1.d4 d5 2.c4 Nc6 3.Nc3 dxc4 4.Nf3 Nf6 5.Bg5 h6 6.Bxf6 exf6 7.e3 Be7 8.Bxc4 O-O
9.O-O Bg4 10.h3 Bh5 11.Ne4 Bg6 12.Ng3 Qd7 13.Nh4 Bh7 14.Qh5 Bd6 15.Ngf5 Ne7
16.Nxd6 Qxd6 17.Rac1 c6 18.Rfd1 Rad8 19.Qa5 Qb8 20.Bd3 b6 21.Bxh7+ Kxh7 22.Qa3 Qd6
23.Qd3+ Kg8 24.Nf5 Nxf5 25.Qxf5 c5 26.Qf3 cxd4 27.exd4 Rc8 28.Rxc8 Rxc8 29.Qb7 Qc7
30.Qa6 Qc2 31.Re1 Qc7 32.d5 Rd8 33.Qb5 Qd7 34.Qd3 Qd6 35.Rd1 g6 36.g4 Kg7
37.Kg2 Rd7 38.Qd4 Qe5 39.d6 Qe6 40.b3 Qe5 41.Rd2 h5 42.Rd3 hxg4 43.hxg4 Kf8
44.Qxe5 fxe5 45.g5 f5 46.gxf6 Kf7 47.Kf3 Kxf6 48.Ke4 Ke6 49.Rg3 Rxd6 50.Rxg6+ Ke7
51.Rg7+ Ke6 52.Rxa7 Rd4+ 53.Ke3 Kd5 54.Ra4 Rd1 55.Rb4 Kc5 56.Rc4+ Kd5 57.Rc2 Rb1
58.Kd3 b5 59.Kc3 Kc5 60.a3 Rf1 61.Re2 e4 62.Rd2 Rc1+ 63.Rc2  1/2-1/2

[Event "NZD-ch"]
[Site "?"]
[Date "1992.??.??"]
[Round "5"]
[White "Sarapu, Ortvin"]
[Black "Spain, Graeme"]
[Result "1/2-1/2"]
[WhiteElo "2320"]
[BlackElo "2240"]

1.d4 d5 2.c4 Nc6 3.Nc3 dxc4 4.Nf3 Nf6 5.e4 Bg4 6.Be3 e6 7.Bxc4 Bb4 8.Qd3 Bxf3
9.gxf3 O-O 10.a3 Ba5 11.O-O Bb6 12.Ne2 e5 13.d5 Ne7 14.Kh1 Kh8 15.f4 exf4
16.Bxf4 Ng6 17.Bg3 Qe7 18.Nc3 Nh5 19.f4 f6 20.Qe2 Nxg3+ 21.hxg3 c6 22.dxc6 bxc6
23.Kg2 Rfd8 24.Rae1 Rd4 25.Bb3 Rad8 26.Rh1 Nf8 27.Rd1 Rxd1 28.Rxd1 Rxd1 29.Nxd1  1/2-1/2

[Event "Oberwart op"]
[Site "Oberwart"]
[Date "1992.??.??"]
[Round "4"]
[White "Klinger, Josef"]
[Black "Polzin, Rainer"]
[Result "1/2-1/2"]
[WhiteElo "2480"]
[BlackElo "2325"]

1.d4 d5 2.c4 Nc6 3.Nf3 e5 4.dxe5 Bb4+ 5.Bd2 dxc4 6.e3 Be6 7.Qc2 Qd5 8.Bxb4 Nxb4
9.Qa4+ Nc6 10.Nc3 Qc5 11.Nd4 Bd7 12.Qb5 Qxb5 13.Ncxb5 Nxd4 14.Nxd4 c5 15.Nc2 b5
16.a4 bxa4 17.Bxc4 Rb8 18.O-O-O Bc6 19.Rd6 Ne7 20.Rhd1 O-O 21.e6 Bxg2 22.Ne1 Bh3
23.exf7+ Kh8 24.Nd3 Nc8 25.Ra6 Nb6 26.Ba2 Rb7 27.Ne5 c4 28.Rd4 g6 29.Nxc4 Bf1
30.Nxb6 Bxa6 31.Nd7 Rc8+ 32.Kb1 Kg7 33.f8=Q+ Rxf8 34.Nxf8 Kxf8 35.Rxa4 Bb5
36.Rd4 Rc7 37.Bd5 Kg7 38.h4 h6 39.Bb3 Bd7 40.Bc2 g5 41.hxg5 hxg5 42.Rd5 g4
43.b3 Be6 44.Rd6 Kf6 45.Kb2 Ke5 46.Rd4 Rf7 47.Re4+ Kd5 48.Rf4 Rc7 49.Bf5 Bxf5
50.Rxf5+ Ke4 51.Rf4+ Kd3 52.Rxg4 Rc2+ 53.Ka3 Rxf2 54.Ra4 Rf1 55.Kb4 Rf7 56.Ka5 Kxe3
57.Rh4 Kd3 58.b4 Kc3 59.b5 Rg7 60.Rh8 Kc4 61.Rc8+ Kb3  1/2-1/2

[Event "World op"]
[Site "Philadelphia"]
[Date "1992.??.??"]
[Round "4"]
[White "Leverett, Bruce W"]
[Black "Reefschlaeger, Helmut"]
[Result "0-1"]
[WhiteElo "2250"]
[BlackElo "2400"]

1.d4 d5 2.c4 Nc6 3.Nc3 e5 4.cxd5 Nxd4 5.e3 Nf5 6.Nf3 Bd6 7.Bb5+ Bd7 8.Bxd7+ Qxd7
9.O-O a6 10.b3 Nf6 11.Bb2 O-O 12.Qc2 Rfe8 13.Nd2 Ne7 14.e4 Ng6 15.Nc4 Bc5
16.Bc1 Bd4 17.Bd2 b5 18.Na5 b4 19.Na4 Bxa1 20.Rxa1 Nh4 21.f3 Qb5 22.Qc5 Nd7
23.Qf2 Ng6 24.Nc6 a5 25.Rc1 Ngf8 26.Qf1 Qb7 27.Kh1 Nb8 28.Nc5 Qc8 29.Qb5 Nxc6
30.Qxc6 Re7 31.Bg5 f6 32.Be3 Qe8 33.Na6 Qxc6 34.Rxc6 f5 35.Nxc7 Rc8 36.d6 Rf7
37.exf5 Rxf5 38.Kg1 Nd7 39.Ra6 e4 40.fxe4 Re5 41.Nd5 Rc2 42.Ra7 Rxe4 43.Rxd7 Re5
44.Rxg7+ Kxg7 45.Bd4 Kf7 46.Bxe5 Rc5 47.Bf4 Rxd5 48.Kf2 Rd1 49.g4 Ra1 50.h4 Rxa2+
51.Ke3 a4 52.bxa4 b3 53.Kd3 Rf2  0-1

[Event "Prague DDM-C"]
[Site "Prague"]
[Date "1992.??.??"]
[Round "1"]
[White "Cech, Pavel"]
[Black "Netusil, Miroslav"]
[Result "0-1"]
[WhiteElo "2330"]
[BlackElo "2305"]

1.d4 d5 2.c4 Nc6 3.Nf3 Bg4 4.cxd5 Bxf3 5.gxf3 Qxd5 6.e3 e6 7.Nc3 Qd7 8.f4 Nf6
9.Rg1 a6 10.Qb3 Rb8 11.Bd2 g6 12.Rc1 Be7 13.Bg2 O-O 14.Na4 Nd5 15.Nc5 Bxc5
16.Rxc5 Rfd8 17.f5 Nce7 18.e4 Nf6 19.fxe6 Qxd4 20.exf7+ Kg7 21.Be3 Qd7 22.Bf3 c6
23.Ke2 Nc8 24.Qc3 Kxf7 25.e5 Ng8 26.Bg4 Qe8 27.e6+ Kf8 28.Rf5+ gxf5 29.Bxf5 Qh5+
30.Rg4 Nce7 31.Qg7+ Ke8 32.Bc5 Rd2+ 33.Kxd2 Kd8 34.Bb6+ Ke8 35.Qf7+ Qxf7
36.exf7+ Kxf7 37.Bxh7  0-1

[Event "Bohemians-B"]
[Site "Prague"]
[Date "1992.??.??"]
[Round "4"]
[White "Spacek, Petr"]
[Black "Grabher, Heinz"]
[Result "1-0"]
[WhiteElo "2395"]
[BlackElo "2245"]

1.d4 d5 2.c4 Nc6 3.Nc3 dxc4 4.Nf3 Nf6 5.e4 Bg4 6.Be3 Bxf3 7.gxf3 e5 8.d5 Ne7
9.Qa4+ Nd7 10.d6 cxd6 11.Bxc4 d5 12.Nxd5 Nc6 13.O-O-O Rc8 14.Kb1 Bc5 15.Rhg1 Bxe3
16.fxe3 O-O 17.Qa3 Kh8 18.Bb5 Re8 19.Nb4 Qc7 20.Bxc6 bxc6 21.Rg2 Re6 22.Na6 Qb7
23.Rgd2 Nb6 24.Nc5 Qb8 25.Nxe6 Nc4 26.Rd8+  1-0

[Event "ROM-chT"]
[Site "?"]
[Date "1992.??.??"]
[Round "?"]
[White "Ceteras, Marius"]
[Black "Popescu, Daniel Dorin"]
[Result "1/2-1/2"]
[WhiteElo "2320"]
[BlackElo "2250"]

1.d4 d5 2.c4 Nc6 3.Nf3 Bg4 4.cxd5 Bxf3 5.gxf3 Qxd5 6.e3 e5 7.Nc3 Bb4 8.Bd2 Bxc3
9.bxc3 exd4 10.cxd4 Nge7 11.Be2 O-O 12.Qb3 Qd6 13.Rc1 Rab8 14.Rc5 Qg6 15.h4 Nf5
16.Kf1 b6 17.Rd5 Rbd8  1/2-1/2

[Event "Slupsk op"]
[Site "Slupsk"]
[Date "1992.??.??"]
[Round "?"]
[White "Drzemicki, Dariusz"]
[Black "Masternak, Grzegorz"]
[Result "0-1"]
[WhiteElo "2355"]
[BlackElo "2310"]

1.d4 d5 2.c4 Nc6 3.cxd5 Qxd5 4.Nf3 e5 5.dxe5 Qxd1+ 6.Kxd1 Bg4 7.Bf4 Nge7
8.Nbd2 Ng6 9.Bg3 O-O-O 10.Kc1 Bb4 11.a3 Bxd2+ 12.Nxd2 Ngxe5 13.f3 Be6 14.e3 Nd3+
15.Kc2 Nxb2 16.Bb5 Na5 17.Kxb2 Rxd2+ 18.Kc3 Rhd8 19.Kb4 Rb2+ 20.Kxa5 Rd5
21.a4 Kb8 22.Bxc7+ Kxc7 23.Rhc1+ Kb8 24.e4 Rd6 25.Bf1 Ra6+  0-1

[Event "Valencia op"]
[Site "Valencia"]
[Date "1992.??.??"]
[Round "3"]
[White "Hoffman, Alejandro"]
[Black "Colas, Rafael P"]
[Result "1-0"]
[WhiteElo "2445"]
[BlackElo "2300"]

1.d4 d5 2.c4 Nc6 3.Nc3 dxc4 4.e3 e5 5.Nf3 exd4 6.exd4 Bd6 7.Bxc4 Nf6 8.O-O O-O
9.h3 a6 10.a4 Bf5 11.Bg5 h6 12.Bh4 g5 13.Bg3 Ne4 14.Nxe4 Bxe4 15.Ne5 Bb4
16.Qb3 Nxe5 17.dxe5 Qe7 18.e6 fxe6 19.Bxe6+ Kh7 20.Rae1 Bxe1 21.Rxe1 Rae8
22.Rxe4 Qf6 23.Qd3 Rd8 24.Bd7 Kg8 25.Re6 Qg7 26.Rg6 Rxd7 27.Rxg7+ Rxg7  1-0

[Event "Wisla BES op"]
[Site "Wisla"]
[Date "1992.??.??"]
[Round "7"]
[White "Appolonov, Sergei"]
[Black "Masternak, Grzegorz"]
[Result "1-0"]
[WhiteElo "2305"]
[BlackElo "2355"]

1.d4 d5 2.c4 Nc6 3.Nc3 Nf6 4.cxd5 Nxd5 5.e4 Nxc3 6.bxc3 e5 7.Nf3 Bd6 8.Be2 O-O
9.O-O Bg4 10.Be3 Re8 11.d5 Nb8 12.Nd2 Bxe2 13.Qxe2 Nd7 14.Nb3 b6 15.a4 a5
16.Rfc1 Qe7 17.Qb5 Rab8 18.Rab1 Rf8 19.f3 f5 20.exf5 Rxf5 21.Nd2 Bc5 22.Re1 Bxe3+
23.Rxe3 Qc5 24.Kf2 Qxb5 25.Rxb5 Nc5 26.Ne4 Nxe4+ 27.Rxe4 Rbf8 28.Ke3 Rf4
29.c4 Rxe4+ 30.fxe4 Rf6 31.c5 Kf7 32.Kd3 Ke7 33.d6+ Kd7 34.dxc7 Kxc7 35.cxb6+ Rxb6
36.Rxa5 Rg6 37.g3 Rh6 38.Rxe5 Kd6 39.Rd5+ Kc6 40.h4 Rg6 41.Rg5 Rd6+ 42.Ke3  1-0

[Event "Ibercaja op"]
[Site "Zaragoza"]
[Date "1992.??.??"]
[Round "?"]
[White "Aoiz, Jose J"]
[Black "Colas, Rafael P"]
[Result "1/2-1/2"]
[WhiteElo "2325"]
[BlackElo "2310"]

1.d4 d5 2.c4 Nc6 3.Nf3 Bg4 4.Ne5 Nxe5 5.dxe5 dxc4 6.Qa4+ c6 7.Qxc4 Be6 8.Qc2 Qa5+
9.Bd2 Qxe5 10.e4 f5 11.Nc3 fxe4 12.Be2 Nf6 13.O-O-O g6 14.h4 Bg7 15.Be3 O-O
16.h5 gxh5 17.Bd4 Qf4+ 18.Kb1 Rad8 19.Bxf6 Rxd1+ 20.Bxd1 Qxf6 21.Nxe4 Bf5
22.Nxf6+ Rxf6 23.Rxh5 Bxc2+ 24.Bxc2 h6 25.Rf5 Rd6 26.Bb3+ Kh8 27.Kc2 Bf6
28.Rf3 Rd4 29.Rd3 Rxd3 30.Kxd3 Bxb2 31.g4 Kg7 32.Be6 Kf6 33.Bc8 b6 34.Bd7 c5
35.Kc4 Ke5 36.Bc6 Bd4 37.f3 Kf4 38.a4 Ke3 39.Bb7 Kd2 40.Be4 Be3 41.Bb7 Kc2
42.Ba6 Kb2 43.Bb5 Bd2 44.Bc6 Ba5 45.Bb5 Kc2 46.Bc6 Kd2 47.Bb7 Ke3 48.Bc6 Kf4
49.Bb7 Ke5 50.Bc6 Kd6 51.Bb7 Bd2 52.Be4 Ba5 53.Bb7 Be1 54.Be4 Bb4 55.Bb7 Ke5
56.Be4 Ke6 57.Bb7 Ba5 58.Bd5+ Kd6 59.Bb7 Bd2 60.Be4 Be1 61.Bb7 Kc7 62.Be4 Bh4
63.Bd5 Bg3 64.Be4 Bh2 65.Bd5 Be5 66.Be4 a6 67.Bd5 Bd6 68.Be4 b5+ 69.axb5 a5
70.Bc2 Kb6 71.Ba4 Kc7  1/2-1/2

[Event "Ibercaja op"]
[Site "Zaragoza"]
[Date "1992.??.??"]
[Round "?"]
[White "Ulibin, Mikhail"]
[Black "Colas, Rafael P"]
[Result "1-0"]
[WhiteElo "2585"]
[BlackElo "2310"]

1.d4 d5 2.c4 Nc6 3.Nc3 dxc4 4.d5 Ne5 5.e4 e6 6.Qd4 Ng6 7.Nf3 e5 8.Qxc4 a6
9.h4 Bd6 10.h5 N6e7 11.a4 h6 12.Be2 Nf6 13.Be3 O-O 14.Rd1 b5 15.axb5 axb5
16.Nxb5 Ba6 17.Qc2 Qd7 18.Nc3 Bxe2 19.Qxe2 Rab8 20.Nh2 Rb4 21.Bc1 c6 22.dxc6 Qxc6
23.O-O Nxe4 24.Ng4 Bb8 25.Na2 Rc4 26.Rfe1 f5 27.Ne3 Ra4 28.b3 Rxa2 29.Qxa2 Nc3
30.Qa3 Nxd1 31.Rxd1 Qc7 32.Nc4 Rd8 33.Rxd8+ Qxd8 34.Bd2 Nd5 35.Qa8 Nf6 36.g3 Qe8
37.Bc3 Nd7 38.Qc6 Qf7 39.b4 e4 40.b5 f4 41.gxf4 Qxf4 42.Qxd7 Qc1+ 43.Kg2 Qg5+
44.Kf1 Qc1+ 45.Ke2 Qxc3 46.Qe8+ Kh7 47.Qxe4+ Kh8 48.b6 Qb3 49.Qd5 Qa2+ 50.Kf3 Qb3+
51.Kg4  1-0

[Event "Zuerich op"]
[Site "Zuerich"]
[Date "1992.??.??"]
[Round "?"]
[White "Klauser, Markus"]
[Black "Horn, Pascal"]
[Result "1-0"]
[WhiteElo "2310"]
[BlackElo "2275"]

1.d4 d5 2.c4 Nc6 3.Nc3 e5 4.cxd5 Nxd4 5.e3 Nf5 6.Nf3 Bd6 7.Bb5+ Bd7 8.O-O a6
9.Bxd7+ Qxd7 10.e4 Nfe7 11.Qc2 Ng6 12.Qa4 b5 13.Qc2 Nf6 14.a4 b4 15.Ne2 O-O
16.Ng3 Rfc8 17.Bg5 Ne8 18.Rac1 h6 19.Be3 Ne7 20.Rfd1 c6 21.dxc6 Nxc6 22.Qd3 Qe6
23.Nf5 Bf8 24.Bb6 Nf6 25.a5 g6 26.Ne3 b3 27.Nd5 Nxd5 28.exd5 Nb4 29.Qxb3 Nxd5
30.Rxc8 Rxc8 31.h3 Nxb6 32.Qxe6 fxe6 33.axb6 Rb8 34.Nxe5 Bg7 35.Nd7 Rb7 36.Rd6 Kf7
37.Nc5  1-0

[Event "Balatonbereny op"]
[Site "Balatonbereny"]
[Date "1993.??.??"]
[Round "5"]
[White "Lavrov, Andrey"]
[Black "Berenyi, Gabor"]
[Result "1-0"]
[WhiteElo "2385"]
[BlackElo "2230"]

1.d4 d5 2.c4 Nc6 3.Nf3 e5 4.dxe5 Bb4+ 5.Bd2 dxc4 6.Qa4 Qe7 7.e3 Bd7 8.Bxc4 Bxd2+
9.Nbxd2 Nxe5 10.Qa5 Nxc4 11.Nxc4 Be6 12.Qb5+ c6 13.Qxb7 Qxb7 14.Nd6+ Ke7
15.Nxb7 Rb8 16.Na5 Rxb2 17.Nxc6+ Kf6 18.a3 Ne7 19.Nxe7 Kxe7 20.O-O Rc8 21.Nd4 Ba2
22.Rfc1 Rxc1+ 23.Rxc1 a6 24.Kf1 Bd5 25.f3 Rd2 26.Rc3 g6 27.Nc6+ Bxc6 28.Rxc6 Rd3
29.Rxa6 Rxe3 30.Ra4 Kf8 31.Kf2 Rc3 32.g4 Kg7 33.Kg3 Rc1 34.Rb4 Ra1 35.a4 g5
36.h4 h6 37.h5 Ra2 38.f4 Ra3+ 39.Kf2 f5 40.fxg5 hxg5 41.gxf5 Rh3 42.Rb7+ Kg8
43.a5 Ra3 44.Ra7 g4 45.a6 Ra5 46.Kg3 Ra4 47.f6 Kf8 48.Ra8+  1-0

[Event "Barcelona UGA"]
[Site "Barcelona"]
[Date "1993.??.??"]
[Round "2"]
[White "Gil Gonzales, Jose Manuel"]
[Black "Castro Rojas, Oscar Humberto"]
[Result "1/2-1/2"]
[WhiteElo "2355"]
[BlackElo "2410"]

1.d4 d5 2.c4 Nc6 3.Nf3 Bg4 4.e3 e5 5.dxe5 d4 6.Be2 Bb4+ 7.Kf1 Bc5 8.exd4 Bxd4
9.Nxd4 Bxe2+ 10.Qxe2 Qxd4 11.e6 fxe6 12.Qxe6+ Nge7 13.Nc3 Rf8 14.Be3 Qd3+
15.Kg1 Rf6 16.Qe4 O-O-O 17.g3 Qd7 18.Kg2 Re6 19.Qxh7 Ne5 20.Rhd1 Qc6+ 21.Qe4 Qxe4+
22.Nxe4 Rxd1 23.Rxd1 Nxc4 24.Ng5 Rxe3 25.b3 Re2 26.bxc4 Nf5 27.Kf3 Rxa2 28.g4 Ra3+
29.Kf4 Nd6 30.c5 Ra4+ 31.Kf3 Nc4 32.Nf7 b5 33.c6 Nd6 34.Nxd6+ cxd6 35.Rxd6 Kc7
36.Rg6 b4 37.Rxg7+ Kxc6 38.Rg8 a5 39.Rb8 Kc7 40.Rb5 Kc6 41.Rb8  1/2-1/2

[Event "Oberliga Bayern9394"]
[Site "Bayern"]
[Date "1993.??.??"]
[Round "?"]
[White "Kaiser, Wolfgang"]
[Black "Boehm, Uwe"]
[Result "1-0"]
[WhiteElo "2355"]
[BlackElo "2200"]

1.d4 d5 2.c4 Nc6 3.Nf3 Bg4 4.cxd5 Bxf3 5.dxc6 Bxc6 6.Nc3 e6 7.Qd3 f5 8.f3 Qd7
9.Bf4 Bd6 10.Bxd6 Qxd6 11.g3 O-O-O 12.O-O-O Nh6 13.Bh3 g6 14.e4 Nf7 15.Nb5 Bxb5
16.Qxb5 Qb6 17.Qxb6 axb6 18.Rd3 c6 19.Rhd1 Rd6 20.e5 Rd7 21.f4 Rhd8 22.Kc2 b5
23.Bg2 Nh6 24.R1d2 Ng8 25.Kc3 Kc7 26.b4 Ne7 27.h3 Kb6 28.a3 Ra8 29.Kb3 Rad8
30.Kc3 Ra8 31.Kb2 Rad8 32.Kb3 Ra8 33.g4 Rf8 34.g5 Rh8 35.Rg3 Rhd8 36.Kc3 Rh8
37.Rd1 h5 38.gxh6 Rxh6 39.Kd3 Rd8 40.Ke3 Ra8 41.Rd3 Kc7 42.Rc3 Kd7 43.Rg5 Ke8
44.d5 exd5 45.e6 Nc8 46.Kd4 Ke7 47.Bxd5 cxd5 48.Ke5 Kd8 49.Rc5 Ne7 50.Rxb5 Ra7
51.Rg3 Rh4 52.Rd3 Rh8 53.a4 Rxa4 54.Rxb7 Rxb4 55.Rxb4 Nc6+ 56.Kd6 Nxb4 57.Ra3  1-0

[Event "Statistika"]
[Site "Budapest"]
[Date "1993.??.??"]
[Round "1"]
[White "Petran, Pal"]
[Black "Grabher, Heinz"]
[Result "1-0"]
[WhiteElo "2485"]
[BlackElo "2165"]

1.d4 d5 2.c4 Nc6 3.Nf3 Bg4 4.Qa4 Bxf3 5.gxf3 e6 6.Nc3 Bb4 7.e3 Ne7 8.Bd2 O-O
9.O-O-O a6 10.Qc2 dxc4 11.Bxc4 b5 12.Bd3 f5 13.Kb1 Rb8 14.Ne2 Qd6 15.Nc1 a5
16.Be2 a4 17.Nd3 Bxd2 18.Rxd2 Nd5 19.Qc5 Rb6 20.f4 b4 21.Bf3 Nce7 22.Ne5 Qxc5
23.dxc5 Rb5 24.Be2 Rb7 25.c6 Ra7 26.Bc4 Rd8 27.Rhd1 Rd6 28.Rd4 Ra5 29.Bxd5 Raxd5
30.Rxd5 Rxd5 31.Rxd5 Nxd5 32.Kc2 Kf8 33.Kd3 Ke7 34.Kc4 Kd6 35.Kb5 a3 36.bxa3 bxa3
37.Ka4 Ne7 38.Kxa3 g5 39.Nf7+ Kxc6 40.Nxg5 h6 41.Nxe6 Kd6 42.Ng7 Kd5 43.Kb3 Ke4
44.Kc4  1-0

[Event "Budapest FS07 IM-A"]
[Site "Budapest"]
[Date "1993.??.??"]
[Round "2"]
[White "Kahn, Evarth"]
[Black "Jeric, Simon"]
[Result "0-1"]
[WhiteElo "2390"]
[BlackElo "2365"]

1.d4 d5 2.c4 Nc6 3.cxd5 Qxd5 4.Nf3 e5 5.Nc3 Bb4 6.Bd2 Bxc3 7.Bxc3 e4 8.Nd2 Nf6
9.e3 O-O 10.Qb3 Qf5 11.Qb5 Nd5 12.Rc1 Nce7 13.Bb4 c6 14.Qc4 Re8 15.Bxe7 Rxe7
16.Qc5 Re6 17.Bc4 Rf6 18.Rf1 Be6 19.Bxd5 Bxd5 20.Rc3 Qd7 21.Ra3 b6 22.Qxb6 c5
23.Qa5 cxd4 24.exd4 Bc6 25.Qc5 Bb5 26.Nxe4 Rc6 27.Qg5 Qxd4 28.f3 Bxf1 29.Kxf1 Qxb2
30.Re3 Rg6 31.Qd5 Qxg2+ 32.Ke1 Qg1+  0-1

[Event "Statistika"]
[Site "Budapest"]
[Date "1993.??.??"]
[Round "3"]
[White "Gaertner, Guntram"]
[Black "Grabher, Heinz"]
[Result "1-0"]
[WhiteElo "2290"]
[BlackElo "2165"]

1.d4 d5 2.c4 Nc6 3.Nc3 dxc4 4.Nf3 Nf6 5.e4 Bg4 6.Be3 e6 7.Qa4 Bxf3 8.gxf3 Bb4
9.Rg1 O-O 10.Qb5 a6 11.Qxc4 Re8 12.Rd1 Nd7 13.a3 Bf8 14.Ne2 Qf6 15.Rg3 Qh4
16.Bh3 Qe7 17.Nf4 Nf6 18.e5 Nd7 19.Qc2 Kh8 20.Qe4 Rad8 21.Bxe6 fxe6 22.Rh3  1-0

[Event "Spring op"]
[Site "Budapest"]
[Date "1993.??.??"]
[Round "4"]
[White "Petrosian, Karen"]
[Black "Berenyi, Gabor"]
[Result "0-1"]
[WhiteElo "2440"]
[BlackElo "2240"]

1.d4 d5 2.c4 Nc6 3.Bf4 e6 4.cxd5 exd5 5.Nc3 Nf6 6.e3 a6 7.Bd3 Bd6 8.Bg5 Be7
9.a3 O-O 10.Bxf6 Bxf6 11.Qh5 g6 12.Qxd5 Be6 13.Qxd8 Raxd8 14.Nge2 Ne7 15.Ne4 Bg7
16.Nc5 Bc8 17.O-O c6 18.b4 Nd5 19.Rab1 Rfe8 20.a4 Bf8 21.e4 Nxb4 22.Rxb4 Bxc5
23.Rc4 Ba7 24.Rd1 Re7 25.a5 Be6 26.Rcc1 Red7 27.Bc2 Bc4 28.Bd3 Bxd3 29.Rxd3 Bxd4
30.Nxd4 Rxd4 31.Rxd4 Rxd4 32.f3 Kf8 33.Rb1 Rd7 34.Kf2 Ke7 35.Ke3 c5 36.Rc1 Kd6
37.h4 Kc6 38.Rb1 c4 39.e5 Kc5 40.g4 c3 41.f4 Kc4 42.Rc1 Kb3 43.Rb1+ Ka3 44.f5 gxf5
45.gxf5 c2 46.Rc1 Kb2 47.Rxc2+ Kxc2 48.Ke4 Kc3 49.e6 fxe6 50.fxe6 Rd1 51.Kf5 Kb4
52.h5 Kxa5 53.Kf6 b5 54.e7 Re1 55.h6 b4  0-1

[Event "Spring op"]
[Site "Budapest"]
[Date "1993.??.??"]
[Round "6"]
[White "Fokin, Sergey"]
[Black "Berenyi, Gabor"]
[Result "1-0"]
[WhiteElo "2420"]
[BlackElo "2240"]

1.d4 d5 2.c4 Nc6 3.Nf3 e5 4.dxe5 Bb4+ 5.Bd2 dxc4 6.e3 Be6 7.Qc2 Qe7 8.Bxc4 Qc5
9.Bb3 Bxb3 10.Qxc5 Bxc5 11.axb3 Nge7 12.Ke2 Ng6 13.Rc1 Bb6 14.Bc3 O-O 15.Nbd2 Rfe8
16.Nc4 Bc5 17.Na5 Rab8 18.Nxc6 bxc6 19.Bd4 Bf8 20.Rxc6 Rb7 21.Rxa7 Rxa7 22.Bxa7 Nxe5
23.Nxe5 Rxe5 24.Rxc7 g6 25.Rc8  1-0

[Event "Statistika"]
[Site "Budapest"]
[Date "1993.??.??"]
[Round "9"]
[White "Kiss, Pal"]
[Black "Grabher, Heinz"]
[Result "1-0"]
[WhiteElo "2390"]
[BlackElo "2165"]

1.d4 d5 2.c4 Nc6 3.Nc3 dxc4 4.Nf3 Nf6 5.e4 Bg4 6.Be3 Bxf3 7.gxf3 e5 8.d5 Ne7
9.Qa4+ Nd7 10.d6 cxd6 11.Bxc4 d5 12.Nxd5 Nc6 13.Rg1 Rc8 14.Rd1 g6 15.Bg5 Qa5+
16.Qxa5 Nxa5 17.Bf1 f6 18.Be3 Nc6 19.Bh3 Ne7 20.Nxe7  1-0

[Event "Ceske Budejovice op"]
[Site "Ceske Budejovice"]
[Date "1993.??.??"]
[Round "6"]
[White "Ryskin, Alexander"]
[Black "Masternak, Grzegorz"]
[Result "1-0"]
[WhiteElo "2515"]
[BlackElo "2350"]

1.d4 d5 2.c4 Nc6 3.Nf3 Bg4 4.cxd5 Bxf3 5.gxf3 Qxd5 6.e3 e5 7.Nc3 Bb4 8.Bd2 Bxc3
9.bxc3 Qd6 10.Qb3 O-O-O 11.Rb1 b6 12.Rd1 f5 13.Bc1 Nge7 14.Ba3 Qf6 15.d5 Na5
16.Qb5 c6 17.Qa6+ Kb8 18.c4 e4 19.Bb4 Nb7 20.Qa3 Rhe8 21.Bc3 Qf7 22.Be5+ Ka8
23.Bc7 Nc8 24.Bxd8 Rxd8 25.fxe4 fxe4 26.Bg2 Qg6 27.O-O c5 28.f3 Ncd6 29.fxe4  1-0

[Event "Chianciano Terme op"]
[Site "Chianciano Terme"]
[Date "1993.??.??"]
[Round "?"]
[White "Tocchioni, Doriano"]
[Black "Fico, Massimiliano"]
[Result "1-0"]
[WhiteElo "2250"]
[BlackElo "2300"]

1.d4 d5 2.c4 Nc6 3.Nc3 dxc4 4.e3 e5 5.d5 Nce7 6.Bxc4 a6 7.Nf3 Ng6 8.h4 h5
9.Bd3 f5 10.e4 f4 11.g3 fxg3 12.fxg3 Nf6 13.Be3 Bd6 14.Be2 b5 15.Ng5 Ng4
16.Qd2 Qe7 17.Bxg4 Bxg4 18.O-O Rf8 19.Qc2 O-O-O 20.a4 b4 21.Nb5 Qd7 22.Nxd6+ Qxd6
23.Bc5 Qd7 24.Bxf8 Rxf8 25.Rxf8+ Nxf8 26.Qc5 Qd6 27.Qxd6 cxd6 28.Rc1+ Kb7
29.Nf7 Nd7 30.Nxd6+ Kb6 31.Rc6+ Ka5 32.b3  1-0

[Event "Cuxhaven op"]
[Site "Cuxhaven"]
[Date "1993.??.??"]
[Round "9"]
[White "Kalinitschew, Sergey"]
[Black "Piven, Igor"]
[Result "1/2-1/2"]
[WhiteElo "2480"]
[BlackElo "2345"]

1.d4 d5 2.c4 Nc6 3.Nf3 Bg4 4.Nc3 Nf6 5.cxd5 Nxd5 6.e4 Nxc3 7.bxc3 e6 8.Rb1 Rb8
9.Qa4 Bxf3 10.gxf3 Qd7 11.Bb5 Rc8 12.Rg1 a6 13.Bxc6 Qxc6 14.Qxc6+ bxc6 15.Rg5 c5
16.Rb7 h6 17.Rg1 Kd7 18.Ra7 Kc6 19.Rxa6+ Kb5 20.Ra7 Kb6 21.Ra4 Kb5 22.Ra7 Kb6  1/2-1/2

[Event "Dortmund op-A"]
[Site "Dortmund"]
[Date "1993.??.??"]
[Round "2"]
[White "Chuchelov, Vladimir"]
[Black "Breutigam, Martin"]
[Result "1/2-1/2"]
[WhiteElo "2500"]
[BlackElo "2320"]

1.d4 d5 2.c4 Nc6 3.Nc3 Nf6 4.Nf3 Bg4 5.cxd5 Nxd5 6.e4 Bxf3 7.gxf3 Nxc3 8.bxc3 e5
9.d5 Nb8 10.Qb3 Nd7 11.Be3 Bd6 12.Qxb7 O-O 13.Qc6 Qe7 14.Bh3 Nc5 15.O-O Rab8
16.Rab1 Rb6 17.Rxb6 axb6 18.a4 Qh4 19.Bg2 Nd3 20.Bxb6 cxb6 21.Qxd6 Qg5 22.Kh1 Nf4
23.Rg1 Ne2 24.Re1 Nf4 25.Rg1 Ne2 26.f4 Qxf4 27.Rf1 Nxc3 28.Qxb6 Nxe4 29.Qe3 Qxe3
30.fxe3 Nd6 31.Rc1 Rc8 32.Rc6 Kf8 33.Bh3 Rxc6 34.dxc6 Ne8 35.a5 Ke7 36.a6 Kd6
37.a7 Nc7 38.Bf5 g6 39.Bd7 Kc5 40.Be8 f6 41.Kg2 Kb6 42.Bf7 Kxa7 43.Bg8 h6
44.Bh7 g5 45.Kg3 Ne8 46.Bf5 Kb6 47.Bd7 Ng7 48.e4 Kc7 49.Kf3 Kd6 50.Kg4 h5+
51.Kg3 Ne6 52.Be8 h4+ 53.Kg4 Nd4 54.Bf7 Kxc6 55.Bd5+ Kc5 56.Bb7 Nb5 57.Ba8 Kd4
58.Bc6 Nd6 59.Kf3 Nc4 60.Kg4 Ke3 61.Kf5 Nd6+ 62.Kxf6 g4 63.Kxe5 g3 64.hxg3 hxg3
65.Kxd6 g2 66.e5 g1=Q 67.e6 Qh2+ 68.Kd7 Qd2+ 69.Kc7 Qb4 70.Kd7 Qd4+ 71.Kc7 Qf6
72.Kd7 Qf5 73.Kd6 Kf4 74.e7 Qe5+ 75.Kd7 Qd4+ 76.Kc8  1/2-1/2

[Event "Dortmund op-A"]
[Site "Dortmund"]
[Date "1993.??.??"]
[Round "8"]
[White "Schoen, Wolfram"]
[Black "Maahs, Erich"]
[Result "1-0"]
[WhiteElo "2360"]
[BlackElo "2280"]

1.d4 d5 2.c4 Nc6 3.Nc3 e5 4.e3 exd4 5.exd4 Bb4 6.Nf3 Bg4 7.Be2 Nge7 8.O-O O-O
9.c5 b6 10.Na4 Bxf3 11.Bxf3 Nf5 12.a3 b5 13.axb4 bxa4 14.b5 Ncxd4 15.Bg4 g6
16.Rxa4 Qf6 17.Bxf5 Nxf5 18.Qxd5 a6 19.g4 Qh4 20.Qg2 Rfd8 21.b3 Ng7 22.bxa6 Qf6
23.a7 Qc3 24.Bg5 f6 25.Be3 Qxb3 26.Raa1 f5 27.h3 Qf7 28.Rfb1 f4 29.Qxa8 Rxa8
30.Rb8+ Ne8 31.Rxa8  1-0